| 000 | 01186nam a2200193 i 4500 | ||
|---|---|---|---|
| 001 | 44826 | ||
| 003 | ES-MaACL | ||
| 005 | 20240229183435.0 | ||
| 007 | t| | ||
| 008 | 030324s1911 fr ||||1| fre d | ||
| 100 | 1 |
_aCloquet, Louis. _939282 |
|
| 245 | 1 | 0 |
_aTraité de architecture _b: ; Elements de l'architecture ; Types d'edifices ; Esthetique, composition et practique de l'architecture / _cLouis Cloquet. |
| 260 |
_a[Lille : _bDesclée de Brouwer, _c1911] |
||
| 300 |
_a5 v. ; _c25 cm. |
||
| 505 | 8 | _aContiene: V. I: Murs, voutes, arcades. -- V. II: Portes, fenètres, cheminees, charpente, menuioerie, planchers, escaliers, coiulles, couvertures. -- V. III: Hygiené de l'habitation. -- V. IV: Habitations privées et collections. Entrepots marchés et abatoirs. Bourses et banques. Escolas, bibliotheques et musees. Hotels de mille et maires. Parlaments et prefectures. Tribunause et prisous hispitause et hospices. Gares hotels du postes. Theatres panoramas, casinos, ciruqes, maneges, tirus, bains et Lavoirs. Tombeaux et cimetries. -- V. V: Esthetique composition et decoration | |
| 650 | 0 | 4 |
_aArquitectura _99986 |
| 852 |
_aES-MaACL _jC-1940-44 |
||
| 999 |
_c44826 _d44826 |
||